00726nam a2200241 a 450000100060000000300090000600800410001502000180005604000280007404100080010210000420011024500450015225000110019726000350020830000110024365000310025465000210028565000210030665000340032765000300036165000370039165100560042824459CO-ViMGA141112s2004 ck r 000 u spa d a9789587047219 aCO-ViMGAbspacCO-ViMGA aSPA1 aRodríguez, Antonio Orlando, 1956 - 10aChiquita / cAntonio Orlando Rodríguez a1a ed. aBogotá : bAlfaguara, c2008 a550 p.14aARTISTAS CUBANOS - NOVELA 14aAUTORES CUBANOS 14aENANOS - NOVELA 14aLITERATURA CUBANA - SIGLO XX 14aNOVELA CUBANA - SIGLO XX 14aPREMIO ALFAGUARA DE NOVELA, 2008 aCUBA - VIDA SOCIAL Y COSTUMBRES - SIGLO XX - NOVELA